Kentucky Counties by County Seat - Statistics

General Stats
  • This quiz has been taken 57 times
  • The average score is 84 of 120
Answer Stats
County Seat County % Correct
Glasgow Barren
93%
Lexington Fayette
93%
Harlan Harlan
93%
Burlington Boone
89%
Paris Bourbon
89%
Frankfort Franklin
89%
Greensburg Green
89%
Greenup Greenup
89%
Henderson Henderson
89%
Stanford Lincoln
89%
Richmond Madison
89%
Winchester Clark
85%
Elizabethtown Hardin
85%
Louisville Jefferson
85%
Nicholasville Jessamine
85%
Covington / Independence Kenton
85%
Hodgenville LaRue
85%
Columbia Adair
81%
Scottsville Allen
81%
Pineville Bell
81%
Shepherdsville Bullitt
81%
Flemingsburg Fleming
81%
McKee Jackson
81%
Vanceburg Lewis
81%
Lebanon Marion
81%
Benton Marshall
81%
Owenton Owen
81%
Taylorsville Spencer
81%
Bowling Green Warren
81%
Lawrenceburg Anderson
78%
Catlettsburg Boyd
78%
Alexandria / Newport Campbell
78%
Grayson Carter
78%
Prestonsburg Floyd
78%
Hickman Fulton
78%
Mayfield Graves
78%
Cynthiana Harrison
78%
Whitesburg Letcher
78%
Maysville Mason
78%
Paducah McCracken
78%
La Grange Oldham
78%
Springfield Washington
78%
Murray Calloway
74%
Bardwell Carlisle
74%
Carrolton Carroll
74%
Hopkinsville Christian
74%
Manchester Clay
74%
Owensboro Daviess
74%
Brownsville Edmonson
74%
Leitchfield Grayson
74%
New Castle Henry
74%
Madisonville Hopkins
74%
Paintsville Johnson
74%
London Laurel
74%
Russellville Logan
74%
Brandenburg Meade
74%
Bardstown Nelson
74%
Pikeville Pike
74%
Georgetown Scott
74%
Danville Boyle
70%
Princeton Caldwell
70%
Albany Clinton
70%
Munfordville Hart
70%
Barbourville Knox
70%
Eddyville Lyon
70%
Harrodsburg Mercer
70%
Falmouth Pendleton
70%
Shelbyville Shelby
70%
Owingsville Bath
67%
Lancaster Garrard
67%
Inez Martin
67%
West Liberty Morgan
67%
Hartford Ohio
67%
Somerset Pulaski
67%
Mount Olivet Robertson
67%
Mount Vernon Rockcastle
67%
Morehead Rowan
67%
Campbellsville Taylor
67%
Elkton Todd
67%
Cadiz Trigg
67%
Bedford Trimble
67%
Williamsburg Whitley
67%
Wickliffe Ballard
63%
Jackson Breathitt
63%
Morgantown Butler
63%
Liberty Casey
63%
Williamstown Grant
63%
Hawesville Hancock
63%
Louisa Lawrence
63%
Salyersville Magoffin
63%
Jamestown Russell
63%
Irvine Estill
59%
Beattyville Lee
59%
Hyden Leslie
59%
Tompkinsville Monroe
59%
Booneville Owsley
59%
Franklin Simpson
59%
Monticello Wayne
59%
Brooksville Bracken
56%
Hardinsburg Breckinridge
56%
Warsaw Gallatin
56%
Smithland Livingston
56%
Whitley City McCreary
56%
Hazard Perry
56%
Versailles Woodford
56%
Sandy Hook Elliott
52%
Clinton Hickman
52%
Mount Sterling Montgomery
52%
Marion Crittenden
48%
Burkesville Cumberland
48%
Frenchburg Menifee
48%
Greenville Muhlenberg
48%
Morganfield Union
48%
Hindman Knott
44%
Dixon Webster
44%
Campton Wolfe
44%
Calhoun McLean
41%
Carlisle Nicholas
41%
Edmonton Metcalfe
37%
Stanton Powell
37%
No matching quizzes found
Score Distribution
Percent of People with Each Score
Percentile by Number Answered
Your Score History
You have not taken this quiz